Periyodik Tablonun Elementleri Testi - Statistics

General Stats
  • This quiz has been taken 4 005 times
  • The average score is 27 of 118
Answer Stats
# Sembol Element % Correct
1 H Hidrojen
95%
2 He Helyum
93%
8 O Oksijen
85%
5 B Bor
81%
3 Li Lityum
80%
4 Be Berilyum
78%
6 C Karbon
78%
79 Au Altın
73%
10 Ne Neon
73%
9 F Flor
67%
26 Fe Demir
66%
12 Mg Magnezyum
66%
29 Cu Bakır
64%
17 Cl Klor
64%
47 Ag Gümüş
61%
20 Ca Kalsiyum
60%
19 K Potasyum
60%
18 Ar Argon
58%
13 Al Alüminyum
54%
16 S Kükürt
53%
15 P Fosfor
52%
14 Si Silisyum
50%
80 Hg Cıva
45%
30 Zn Çinko
41%
7 N Nitrojen
41%
92 U Uranyum
37%
35 Br Brom
34%
53 I İyot
34%
82 Pb Kurşun
34%
28 Ni Nikel
33%
27 Co Kobalt
31%
24 Cr Krom
31%
50 Sn Kalay
28%
78 Pt Platin
28%
54 Xe Ksenon
27%
22 Ti Titanyum
27%
87 Fr Fransiyum
26%
32 Ge Germanyum
25%
36 Kr Kripton
25%
56 Ba Baryum
24%
88 Ra Radyum
23%
31 Ga Galyum
22%
34 Se Selenyum
20%
84 Po Polonyum
19%
33 As Arsenik
18%
25 Mn Manganez
18%
95 Am Amerikyum
17%
90 Th Toryum
17%
99 Es Aynştaynyum
16%
94 Pu Plütonyum
16%
86 Rn Radon
15%
21 Sc Skandiyum
13%
23 V Vanadyum
13%
37 Rb Rubidyum
12%
55 Cs Sezyum
12%
11 Na Sodum
12%
57 La Lantan
11%
46 Pd Paladyum
11%
74 W Tungsten
11%
40 Zr Zirkonyum
11%
98 Cf Kaliforniyum
10%
93 Np Neptünyum
10%
118 Og Oganesson
10%
76 Os Osmiyum
10%
38 Sr Stronsiyum
10%
51 Sb Antimon
9%
85 At Astatin
9%
83 Bi Bizmut
9%
48 Cd Kadmiyum
9%
42 Mo Molibden
9%
52 Te Tellür
9%
89 Ac Aktinyum
8%
49 In İndiyum
8%
77 Ir İridyum
8%
39 Y İtriyum
8%
96 Cm Küriyum
8%
101 Md Mendelevyum
8%
102 No Nobelyum
8%
45 Rh Rodyum
8%
81 Tl Talyum
8%
104 Rf Rutherfordyum
7%
58 Ce Seryum
7%
73 Ta Tantal
7%
97 Bk Berkelyum
6%
75 Re Renyum
6%
44 Ru Rutenyum
6%
43 Tc Teknesyum
6%
117 Ts Tennesin
6%
112 Cn Kopernikyum
5%
111 Rg Röntgenyum
5%
62 Sm Samaryum
5%
65 Tb Terbiyum
5%
69 Tm Tulyum
5%
68 Er Erbiyum
4%
100 Fm Fermiyum
4%
64 Gd Gadolinyum
4%
72 Hf Hafniyum
4%
108 Hs Hassiyum
4%
67 Ho Holmiyum
4%
70 Yb İterbiyum
4%
103 Lr Lavrensiyum
4%
71 Lu Lutesyum
4%
115 Mc Moskoviyum
4%
60 Nd Neodimyum
4%
41 Nb Niyobyum
4%
61 Pm Prometyum
4%
91 Pa Protaktinyum
4%
106 Sg Seaborgiyum
4%
107 Bh Bohrium
3%
105 Db Dubniyum
3%
63 Eu Evropiyum
3%
116 Lv Livermoryum
3%
59 Pr Praseodim
3%
110 Ds Darmstadtiyum
2%
66 Dy Disprozyum
2%
114 Fl Flerovyum
2%
109 Mt Meitneryum
2%
113 Nh Nihoniyum
2%
No matching quizzes found
Score Distribution
Percent of People with Each Score
Percentile by Number Answered
Your Score History
You have not taken this quiz